Growing Up Latino : Memoirs and Stories /

-д хадгалсан:
Номзүйн дэлгэрэнгүй
Үндсэн зохиолч: Augenbraum, Harold (autor)
Бусад зохиолчид: Stavans, Ilan (autor) (autor)
Формат: Ном
Хэл сонгох:англи
Нөхцлүүд:
Шошгууд: Шошго нэмэх
Шошго байхгүй, Энэхүү баримтыг шошголох эхний хүн болох!

MARC

LEADER 00000nam^a2200000^a^4500
001 000132605
005 20250521000000.0
009 20260310095105.064
020 |a 0-395-66124-2 
020 |a 0-395-62231-X 
037 |a Acervo ITESO - Biblioteca 
041 |a ING 
082 |a 304. 873072  |b AUG 
100 |a Augenbraum, Harold  |e (autor) 
245 1 0 |a Growing Up Latino :  |b Memoirs and Stories /  |c H. Augenbraum, I. Stavans. 
264 |a Boston, EUA :  |b Houghton Mifflin,  |c 1993 
300 |a 344 p. 
336 |a texto  |b txt  |2 rdacontenido 
337 |a sin mediación  |b n  |2 rdamedio 
338 |a volumen  |b nc  |2 rdasoporte 
649 |a XX 
650 |a Chicanos 
650 |a Identidad Cultural 
650 |a Prácticas Culturales 
650 |a Familia 
650 |a Cultura 
650 |a Movimientos Sociales 
650 |a Emigración -  |z México 
650 |a Inmigración -  |z EUA 
650 |a Migración -  |z México-EUA 
650 |a Sociología 
700 |a Stavans, Ilan  |e (autor) 
910 |a Fondo General 
920 |a Impresos - Libros 
930 |a Colección General 
905 |a 101 
901 |a 0500062039  |b IT1  |c ACC  |u 20250521 
902 |a https://opac.biblio.iteso.mx/vufind/Record/000132605